000 01388nam a22002897a 4500
003 dpl
005 20180915160023.0
008 180915b xxu||||| |||| 00| 0 eng d
010 _aB-032274
020 _c150.00
_a8186754830
035 _aB-032274, B-032296
037 _bCen Lib/Ret
040 _aDPL
_bHN
_c0
082 _a
_bमहापा
100 _aमहापात्र, मनोरमा
_971164
245 _aपाइका की आवाज़ :
_cमनोरमा महापात्र ; अन्वादक कुमार हसन
_bसत्य घटनाओं पर आधारित कहानियां /
246 _aPayika ki awaz : satya ghatnaon par adhrit kahaniyan /
_bby Manorama Mahapatra ; anuvadak Kumar Hasan
260 _aनयी दिल्ली
_c1994
_bइरावदी प्रकाशन
270 _bनयी दिल्ली
_aइ, ब्लाक विकासपुरी
_e110018
300 _axii,159पृ.
_c19सेमी(सजिल्द )
650 _aओड़िसा साहित्य
_971165
650 _aओड़िसा साहित्य
_xकहानियां
_971166
650 _aOdisa literature
_971167
650 _aOdisa literature
_xstories
_971168
700 _aकुमार हसन
_971169
942 _2ddc
_cHN
_h
_mमहापा
999 _c117285
_d117285